| 000 | 00357 a2200169 4500 | ||
|---|---|---|---|
| 001 | 190266 | ||
| 020 | _a978-85-362-3927-9 | ||
| 040 | _cMagnum | ||
| 100 | _aSantos Neto, Arnaldo Bastos | ||
| 240 | 1 | 0 |
_aContra o absoluto _lpor |
| 245 | 1 | 0 | _aContra o absoluto |
| 300 | _a444 | ||
| 362 | 0 | _a2012 | |
| 440 | 1 | _aJuruá | |
| 697 | _aDIREITO | ||
| 942 | _cBK | ||
| 999 |
_c190266 _d190266 |
||